000
00317 a2200157 4500
001
190778
020
_a
040
_c
Magnum
100
_a
Alves, Maria Angélica
240
1
0
_a
Aí, então...
_l
por
245
1
0
_a
Aí, então...
300
_a
23
362
0
_a
1989
697
_a
LITERATURA INFANTO
942
_c
BK
999
_c
190778
_d
190778